Project Management for Research and Development : Guiding Innovation for Positive R&D Outcomes / Wingate, Lory Mitchell. (Record no. 22187)

000 -LEADER
fixed length control field 01044nam a22001817a 4500
020 ## - INTERNATIONAL STANDARD BOOK NUMBER
ISBN 9781003507437
082 ## - DEWEY DECIMAL CLASSIFICATION NUMBER
Classification number 658.57
Item number W5598 2015
100 ## - MAIN ENTRY--AUTHOR NAME
Personal name Wingate, Lory Mitchell,author.
245 ## - TITLE STATEMENT
Title Project Management for Research and Development : Guiding Innovation for Positive R&D Outcomes / Wingate, Lory Mitchell.
250 ## - EDITION STATEMENT
Edition statement Second edition.
260 ## - PUBLICATION, DISTRIBUTION, ETC. (IMPRINT)
Place of publication Boca Raton, FL:
Name of publisher CRC Press,Taylor & Francis Group,
Year of publication ©2025.
300 ## - PHYSICAL DESCRIPTION
Number of Pages 1 online resource, xiii, 469 pages :
Accompanying material Illustration (some color).
490 ## - SERIES STATEMENT
Series statement Best practices in portfolio, program, and project management.
500 ## - GENERAL NOTE
General note Includes bibliographical reference and index
520 ## - SUMMARY, ETC.
Summary, etc A comprehensive guide to project management that balance theoretical frameworks with practical case studies. The book is structured around the five phases of a project: opportunity identification; planning and specification; execution, control, and monitoring; product handover and evaluation; and operations and maintenance.
650 ## - SUBJECT ADDED ENTRY--TOPICAL TERM
Topical Term Project management - Research
942 ## - ADDED ENTRY ELEMENTS (KOHA)
Koha item type Electronic Books

No copies available.

Cagayan State University University Library, Carig Campus
Tuguegarao City, Cagayan 3500 | www.csucarig.edu.ph

Powered by Koha